| 000 | 00835nam a2200253Ia 4500 | ||
|---|---|---|---|
| 003 | 0 | ||
| 005 | 20250129093904.0 | ||
| 008 | 190909s9999 xx 000 0 und d | ||
| 050 |
_aPGS LB 1060.5 _b.K19 2017 |
||
| 100 | _aKatsumi, Senna Hiroshi U. | ||
| 245 |
_aComputer gaming and ESLRs / _cSenna Hiroshi U. Katsumi. |
||
| 260 |
_aLas PiƱas City, Philippines : _bSouthville International School and Colleges, _c2017. |
||
| 300 |
_a24 p. : _bill. ; _c28 cm. |
||
| 504 | _aIncludes bibliographical references. | ||
| 650 | _aComputer games. | ||
| 650 | _aVideo games in education. | ||
| 650 | _aLearning outcomes. | ||
| 650 | _aSchoolwide learning results. | ||
| 650 | _aEducational technology. | ||
| 650 | _aEducational games | ||
| 650 | _aLearning and technology. | ||
| 650 | _aGrade school students. | ||
| 942 |
_2lcc _cPASS |
||
| 999 |
_c362092 _d362092 |
||